Predication of state of cure throughout rubber components using finite element analysis (Record no. 65456)

MARC details
000 -LEADER
fixed length control field 00475nam a2200121Ia 4500
100 ## - MAIN ENTRY--AUTHOR NAME
Personal name Gregory I H
245 #0 - TITLE STATEMENT
Title Predication of state of cure throughout rubber components using finite element analysis
260 ## - PUBLICATION, DISTRIBUTION, ETC. (IMPRINT)
Name of publisher International Rubber Conference 1997. Rubber Science and Technology: Improving Quality of Life, Kuala Lumpur, Malaysia 6-9 Oct 1997; p858-870
700 ## - ADDED ENTRY--PERSONAL NAME
Personal name Abu Bakar Imizan
700 ## - ADDED ENTRY--PERSONAL NAME
Personal name Muhr A H
942 ## - ADDED ENTRY ELEMENTS (KOHA)
Koha item type Journals
Holdings
Withdrawn status Lost status Damaged status Not for loan Home library Current library Shelving location Date acquired Koha item type
      Journals RRII Library RRII Library Rubber chemistry 17/12/2021 Journals